Desarrollo rural bajo el prisma del Programa UNIR (una Nueva Iniciativa Rural) /

Uloženo v:
Podrobná bibliografie
Hlavní autor: Meoño Segura, Johnny
Médium: Text
Témata:
Tagy: Přidat tag
Žádné tagy, Buďte první, kdo vytvoří štítek k tomuto záznamu!

MARC

LEADER 00000 a a2200000 04500
001 12580
003
040
100 |a Meoño Segura, Johnny  
245 |a Desarrollo rural bajo el prisma del Programa UNIR (una Nueva Iniciativa Rural) /  |c Johnny Meoño Segura 
650 |a DESARROLLO RURAL  
650 |a ZONAS RURALES  
650 |a POBREZA  
650 |a ORGANIZACIONES NO GUBERNAMENTALES  
650 |a SECTOR AGRICOLA  
650 |a TEORIA  
650 |a PROYECTOS DE DESARROLLO  
773 |g volumen 2, número 1 (3); páginas 105-124  
999 |c 32653  |d 32653